|
|
แสดงรายละเอียดบรรณานุกรม |
|
|
Brief Record
: Get Marc (ISO 2709)
: E-mail record
: |
| LEADER 00000nama 2200000uu 4500 | |||
| 008 040531s2531 th m m a000 0 tha d | |||
| 020 974-569-493-2 | |||
| 041 tha | |||
| 050 WY158 ส234ก 2531 | |||
| 100 สมคิด รักษาสัตย์ | |||
| 245 การพยาบาลผู้ป่วยที่ถูกจำกัดการเคลื่อนไหว/ สมคิด รักษาสัตย์ 001 | |||
| 260 กรุงเทพฯ จุฬาลงกรณืมหาวิทยาลัย 2531 | |||
| 300 79 หน้า | |||
| 650 ศัลยกรรมกระดูก,การพยาบาล การเคลื่อนไหวผิดปกติ การพยาบาลชื่อเรื่อง | |||
| 998 1999-02-05 | |||
| คุณยังไม่ได้ล็อกอิน คุณสามารถมีกิจกรรมร่วมกับเว็บไซต์ได้ แต่ต้องล็อกอินก่อน :: |
|
| สถานะ | |||||||||
| 1. | หนังสือทั่วไป | WY158 ส234ก 2531 | On Shelf ขอยืม | ||||||
| 2. | หนังสือทั่วไป | WY158 ส234ก 2531 | On Shelf ขอยืม | ||||||
| 3. | หนังสือทั่วไป | WY158 ส234ก 2531 | On Shelf ขอยืม | ||||||
| 4. | หนังสือทั่วไป | WY158 ส234ก 2531 | On Shelf ขอยืม | ||||||
| 5. | หนังสือทั่วไป | WY158 ส234ก 2531 | On Shelf ขอยืม | ||||||
| 6. | หนังสือทั่วไป | WY158 ส234ก 2531 | On Shelf ขอยืม | ||||||
| 7. | หนังสือทั่วไป | WY158 ส234ก 2531 | On Shelf ขอยืม | ||||||
| 8. | หนังสือทั่วไป | WY158 ส234ก 2531 | On Shelf ขอยืม | ||||||
| 9. | หนังสือทั่วไป | WY158 ส234ก 2531 | On Shelf ขอยืม | ||||||
| 10. | หนังสือทั่วไป | WY158 ส234ก 2531 | On Shelf ขอยืม | ||||||
| 11. | หนังสือทั่วไป | WY158 ส234ก 2531 | On Shelf ขอยืม | ||||||
| 12. | หนังสือทั่วไป | WY158 ส234ก 2531 | On Shelf ขอยืม | ||||||
| | |||||||||
| รายการใกล้เคียง ผู้แต่ง [สมคิด รักษาสัตย์]
|
BibComment |
| คอมเมนท์ทรัพยากรรายการนี้ |
|
|